Normal view
MARC view
Entry Topical Term
001 - CONTROL NUMBER
- control field: 11216
003 - CONTROL NUMBER IDENTIFIER
- control field: ARRUPE
005 - DATE AND TIME OF LATEST TRANSACTION
- control field: 20140910141657.0
008 - FIXED-LENGTH DATA ELEMENTS
- fixed length control field: 140910|| aca||aabn | a|a d
040 ## - CATALOGING SOURCE
- Original cataloging agency: ARRUPE
- Transcribing agency: ARRUPE
150 ## - HEADING--TOPICAL TERM
- Topical term or geographic name as entry element: Young men
- Geographic subdivision: Germany
- Form subdivision: Fiction.
670 ## - SOURCE DATA FOUND
- Source citation: Work cat.: (ARRUPE)0: Zweig, Stefan, 1881-1942. 11215, Journey into the past /, c2009.